=LDR 00000nam 2200000 4500 =001 INLIS000000000027874 =005 20130612130222 =008 ***********************************Ind** =035 ##$$0010-061300000027874 =041 ##$$a Ind =082 ##$$a F Rom D =090 ##$$a F Rom D, Nad s =100 ##$$a Nadia, Asma =245 ##$$a Suatu petang di kafe kuningan, Asma Nadia =260 ##$$a [20...?] $b Tangerang =300 ##$$a 128 hlm, 11x17,5 cm =650 ##$$a Fiksi roman dewasa =850 ##$$a NBPNMAT